Mall at Robinson Stores - Statistics

General Stats
  • This quiz has been taken 4 times
  • The average score is 20 of 86
Answer Stats
Answer % Correct
JCPenney
100%
32GO
50%
Abercrombie and Fitch
50%
Abyln Fashion
50%
Ace's Breakaway and Play
50%
Aerie
50%
American Eagle
50%
Anime World
50%
Auntie Anne's
50%
Bubble House
50%
Charley's
50%
Chick-Fil-A
50%
China Max
50%
Chocolate Boutique
50%
Cinnabon
50%
Claire's
50%
Custom World
50%
Dick's
50%
Europe Nails
50%
Foot Locker
50%
Four Horsemen
50%
JD
50%
Journey's
50%
Kay Jewelers
50%
Lids
50%
Loft
50%
Macy's
50%
Pac Sun
50%
Pandora
50%
Smoke and Vape
50%
Spencer's
50%
Starbucks
50%
Subway
50%
Sunglass Hut
50%
Tuxedo Junction
50%
Victoria's Secret
50%
Windsor
50%
Zales
50%
Zumiez
50%
Army National Guard
0%
Ashcroft and Oak
0%
at&t
0%
Avalon Spa
0%
Banter
0%
Bath & Body Works
0%
BoxLunch
0%
Buckle
0%
Build-A-Bear Workshop
0%
Carter's
0%
Champs Sports
0%
Dakota
0%
DTLR
0%
Express
0%
Go!
0%
Green Spa
0%
H&M
0%
Hot Topic
0%
I Made It!
0%
JDM Structures
0%
Jewelry Planet
0%
Kadis Kicks
0%
Kande
0%
Kolor N Kiln
0%
Lens Crafters
0%
Lil Bunny
0%
Lundon
0%
Miniso
0%
Miracle Eyebrows
0%
Moonsushi
0%
Nabakindo
0%
Phillip Pelusi
0%
Piercings N More
0%
Rally House
0%
Regis Salon
0%
Royal Jewelery
0%
Rue 21
0%
Sams Lotson
0%
Shoe Department
0%
Sola
0%
Soma
0%
The Children's Place
0%
Torrid
0%
Triple 777's
0%
Visionworks
0%
WHBM
0%
Yankee Candle
0%
No matching quizzes found
Score Distribution
Percent of People with Each Score
Percentile by Number Answered
Your Score History
You have not taken this quiz